| 000 | 00637nam a2200169 a 4500 | ||
|---|---|---|---|
| 005 | 20140414131934.0 | ||
| 008 | 110113s19uu xx 00 eng d | ||
| 050 |
_aREF 578.734 _bG82 2000 |
||
| 100 | _aGreenaway, Theresa, 1947- | ||
| 245 |
_aJungle / _cwritten by Theresa Greenaway ; photographed by Geoff Dann. |
||
| 260 |
_aNew York, N.Y. : _bDK Pub., _c2009. |
||
| 440 | _aEyewitness books | ||
| 500 | _aIncludes fold-out wall chart. "Discover life in the tropical rain forest--from exotic birds to millions of species of insects"--Cover. Includes index. | ||
| 650 | _aRain forests. | ||
| 650 | _aJungles. | ||
| 999 |
_c112356 _d112356 |
||